000 00327nam a2200121 a 4500
008 110107s1975|||| d
245 1 0 _aRegister k vybraným spisom V. I. Lenina
_bv piatich zväzkoch
100 1 _aMachánková, Ružena
260 _bPravda
_aBratislava
_c1975
020 _c13
044 _axo
_cSK
041 _aslo
999 _c15550
_d15550